Responses for Show #2920 - Friday, April 18, 1997

Contestants

[<< previous game]

Joe Archer, a non-profit administrator from Davis, California

Roy Jenkins, a writer originally from San Juan Capistrano, California

Linda Fabrizio, a high school teacher from Denver, Colorado (whose 1-day cash winnings total $12,700)

[next game >>]

Jeopardy! Round responses

BY GEORGE
TRAVEL U.S.A.
TV CATCH PHRASES
HAIL TO THE CHIEF
REAL ESTATE
BOOK PARTS
    $100 18
George Custer

Roy
    $100 6
Cape Cod

Roy
    $100 1
Mork & Mindy

Roy
    $100 14
Thomas Jefferson

Roy
    $100 13
(J: What are landlords?)
(Alex: Be more specific...)
(J: Tenement landlords?)

Slumlords

LindaJoe
    $100 8
Dust jacket

Joe
    $200 19
George Foreman

Linda
    $200 7
Idaho

Roy
    $200 2
Lurch

Linda
    $200 23
Theodore Roosevelt

Roy
    $200 27
Timeshare

Joe
    $200 9
Book plate

Joe
    $300 20
George Steinbrenner

Joe
    $300 15
(Alex: Go for the obvious, when in doubt!)

Walt Disney World

Triple Stumper
    $300 3
Family Feud

Roy
    $300 24
Gerald Ford

Roy
    $300 28
Earthquake insurance

Roy
    $300 10
Gutter

Triple Stumper
    $400 21
George Kelly

Roy
    $400 16
Norman Rockwell

Triple Stumper
    $400 4
Gary Coleman

Linda
    $400 25
Dwight D. Eisenhower

Roy
    $400 29
Escrow

Linda
    $400 11
(Alex: It's quite often in box form, obviously, with one side open.)

Slipcover/box

Joe
    $1,000 22
(R: Who is George Kennedy?)
(we have less than a minute to go, Roy - pick again...)

King George V

Roy
    $500 17
Milwaukee

Joe
    $500 5
(J: Who is Barbara Walters?)

Linda Ellerbee

LindaJoe
    $500 26
John Adams

Roy
    $500 30
Lien

Roy
    $500 12
Folio

Roy

Scores at the first commercial break (after clue 14):

Linda Roy Joe
$1,200 $1,300 $100

Scores at the end of the Jeopardy! Round:

Linda Roy Joe
$1,800 $3,000 $1,100

Double Jeopardy! Round responses

19th CENTURY PERSONALITIES
JAPAN
ACTORS ON BROADWAY
BOTANY
LITERARY GROUPS
SYMBOLISM
    $200 13
(J: Who was "Wild Bill" Cody?)
(R: Who was "Wild Bill" HIckok?)

"Buffalo Bill" Cody

LindaRoyJoe
    $200 16
Toyota

Roy
    $200 24
Jessica Tandy

Joe
    $200 11
palm tree

Roy
    $200 1
Paris

Linda
    $200 2
dove

Linda
    $400 14
ballerina

Linda
    $400 17
Korea

Linda
    $400 26
(J: What is Grease?)

How to Succeed in Business Without Really Trying

LindaJoe
    $400 12
henna

Linda
    $400 7
Harvard

Roy
    $800 3
pomegranate

Linda
    $600 15
Sarah Bernhardt

Roy
    $600 20
Diet

Roy
    $600 27
Chita Rivera

Linda
    $600 8
"Beat" writers

Joe
    $600 4
Buddha

Linda
    $2,000 18
Jean Lafitte

Linda
    $800 21
(Alex: And we have a minute to go.)

Okinawa

Joe
    $800 28
[The end-of-round signal sounds.]

Al Pacino

Roy
    $800 9
Algonquin Round Table

Joe
    $800 5
beard

Roy
    $1000 19
(J: Who was Paganini?)

Franz Liszt

RoyJoe
    $1000 22
Yakuza

Triple Stumper
    $1000 23
(R: Who is Zero Mostel?)

Nathan Lane

LindaRoy
    $1000 25
fig

Roy
    $1000 10
"The Brat Pack"

Roy
    $1000 6
(R: What is a caduceus?)
(L: What is a caduceus ?)(pronounced "cadu-ki-us")

medicine

LindaRoyJoe

Scores at the end of the Double Jeopardy! Round:

Linda Roy Joe
$8,000 $7,400 $2,900

[wagering suggestions for these scores]

Final Jeopardy! Round responses

BUSINESS & INDUSTRY
JoeWho is L.L. Bean?
$2,000
RoyWho is L.L. Bean?
$2,201
LindaWho is L.L. Bean?
$2,000
Leon Leonwood (L.L.) Bean

Final scores:

Linda Roy Joe
$10,000 $9,601 $4,900
2-day champion: $22,700 2nd place: Aroma Spa & Aroma Vera Sterling Silver Pendants 3rd place: Oneida Gift Certificate

Game dynamics:

Coryat scores:

Linda Roy Joe
$6,400 $8,400 $2,900
18 R
(including 2 DDs),
1 W
24 R,
4 W
(including 1 DD)
11 R,
5 W

Combined Coryat: $17,700

[game clues] [game scores] [suggest correction]

Game tape date: 1996-12-18
The J! Archive is created by fans, for fans. Scraping, republication, monetization, and malicious use prohibited; this site may use cookies and collect identifying information. See terms. The Jeopardy! game show and all elements thereof, including but not limited to copyright and trademark thereto, are the property of Jeopardy Productions, Inc. and are protected under law. This website is not affiliated with, sponsored by, or operated by Jeopardy Productions, Inc. Join the discussion at JBoard.tv.